Company Headquarters ~ Multiple Choice - Statistics

General Stats
  • This quiz has been taken 47 times
  • The average score is 9 of 20
Answer Stats
Question Answer % Correct
Guinness is headquartered in... Dublin, Ireland
80%
Coca-Cola is headquartered in... Atlanta, Georgia
68%
Virgin Group is headquartered in... London, England
68%
Prada is headquartered in... Milan, Italy
68%
Nestle is headquartered in... Vevey, Switzerland
66%
Carnival Cruise Line is headquartered in... Miami, Florida
61%
Tim Horton's is headquartered in... Toronto, Canada
59%
Target is headquartered in... Minneapolis, Minnesota
51%
Uber is headquartered in... San Francisco, California
51%
Petronas Dagangan is headquartered in... Kuala Lumpur, Malaysia
46%
Honda is headquartered in... Tokyo, Japan
46%
Microsoft is headquartered in... Redmond, Washington
41%
Novo Nordisk is headquartered in... Bagsvaerd, Denmark
39%
Ben & Jerry's Ice Cream is headquartered in... South Burlington, Vermont
39%
Motorola is headquartered in... Chicago, Illinois
27%
Lululemon is headquartered in... Toronto, Canada
24%
Adidas is headquartered in... Herzogenaurach, Germany
22%
Oracle is headquartered in... Austin, Texas
17%
Samsung is headquartered in... Suwon, South Korea
17%
Quantas Airlines is headquartered in... Mascot, Australia
10%
No matching quizzes found
Score Distribution
Percent of People with Each Score
Percentile by Number Answered
Your Score History
You have not taken this quiz